00741nam a2200229 i 450000100060000000300080000600500170001400800390003102000290007003500190009904000230011804100080014108200200014910000360016924500920020526000640029730000330036150400490039465000150044365000210045865000320047933848BD-RjUL20211209052052.0140511s1976 maua b 001 0 eng a0521211328 :a0521290538 a(BD-RjUL)33940 aDLCcDLCdDLCbeng aeng00a301.1bHER 19761 aHeath, A. F.q(Anthony Francis)10aRational choice & social exchange :ba critique of exchange theory /cby Anthony Heath. aCambridge ;aNew York :bCambridge University Press,c1976. aix, 194 p. :bill. ;c24 cm. aIncludes Bibliography: p. 185-191 and index. 0aSociology. 0aSocial exchange. 0aExchange theory (Sociology)